000 00769nas a2200265 4500
001 BR2012000376
003 BR-BrBNA
005 20231205120014.0
007 ta
008 230509b bl.|||p| |||| 00| 00por d
040 _aBR-BrBNA
_bpor
_cBiblioteca Nacional de Agricultura
041 _a(Pt)
072 _aH60
100 1 _aCamargo, D.
100 1 _aBispo, K.L.
100 1 _aSene, L.
245 1 _aAssociação de Rhizobium sp. a duas leguminosas na tolerância à atrazina
650 _aMUCUNA PRETA
650 _aHERBICIDA
650 _aATRAZINA
650 _aERVA DANINHA
773 0 _tRevista Ceres (Brazil)
_xISSN 0034-737X
_g(Jul-Aug 2011), v. 58(4) p. 425-431
_wBR2012000376
909 _a202311
_bLúcia
_c55
_dLúcia Elande
942 _2AGRIS
_n0
_cANA
999 _c216651
_d216651